Sports Quiz

Random Sports or MLB Quiz

LCS and World Series MVP in Same Year Quiz Stats

 Plays Quiz Updated Jun 13, 2017

Support Sporcle.
Go Orange.
Score 0/8 Timer 03:00
1 Play Today
Year Player % Correct
2014Madison Bumgarner
87%
2020Corey Seager
83.1%
2008Cole Hamels
74.4%
2011David Freese
72.8%
1979Willie Stargell
67.9%
1988Orel Hershiser
59.3%
1997Liván Hernández
51.7%
1982Darrell Porter
28%

You're not logged in!

Compare scores with friends on all Sporcle quizzes.
OR
Log In
Forgot?

From the Vault

New Foods by Decade

by survivor

We're just a few short years away from Soylent Green.
Remove Ads.
Support Sporcle.
Get the best of Sporcle when you Go Orange. This ad-free experience offers more features, more stats, and more fun while also helping to support Sporcle. Thank you for becoming a member.

Show Comments

Extras

Top Quizzes Today


Score Distribution

Your Account Isn't Verified!

In order to create a playlist on Sporcle, you need to verify the email address you used during registration. Go to your Sporcle Settings to finish the process.

Report this User

Report this user for behavior that violates our Community Guidelines.

Details: